|
|
|
|
| LEADER |
00000nam a2200000 a 4500 |
| 001 |
vtls001268564 |
| 003 |
SK-MaSNL |
| 005 |
20260301155036.0 |
| 008 |
240318s1971 xx 0 und |
| 035 |
|
|
|a SNK000219572
|
| 040 |
|
|
|a SNK
|b slo
|c SNK
|e AACR2
|
| 100 |
1 |
|
|a Bukovčan, Ivan,
|d 1921-1975
|4 aut
|9 123040
|
| 245 |
1 |
0 |
|a Kým kohút nezaspieva
|
| 260 |
|
|
|a Bratislava
|b Tatran
|c 1971
|
| 300 |
|
|
|a 207 s.
|
| 958 |
|
|
|a OND
|
| 999 |
|
|
|c 799151
|d 801081
|
| 952 |
|
|
|t P60, <04>, [BOOK], {604}
|a SNK
|b SNKPULT
|y VYP
|7 0
|p 17A0025310
|o snkSD 39093 D1
|0 0
|1 0
|4 0
|d 1996-12-02
|l 1
|m 1
|q 2026-04-17
|r 2026-02-28 18:20:15
|s 2026-02-28
|w 2026-02-24
|
| 952 |
|
|
|t P60, <03>, [BOOK], {603}
|a SNK
|b SNK
|y PREZ
|7 0
|p 17A0233552
|o snkSD 39093
|0 0
|1 0
|4 0
|d 2000-03-31
|l 0
|r 2005-01-01 00:00:00
|w 2026-02-24
|
| 952 |
|
|
|a SNKLM
|b SNKLM
|y NEVYP
|7 0
|o snklmMK 6166
|8 3
|0 0
|1 0
|4 0
|d 2006-11-27
|l 0
|r 2026-02-24 02:02:50
|w 2026-02-24
|